000 02733nam a22003977a 4500
003 OSt
005 20260420141434.0
008 260420t2025 xxu||||| |||| 00| 0 eng d
020 _a9781003558743
020 _a9781774917619
020 _a9781774917602
040 _aUnicoc
_bspa
_c00001
_d00001
082 _a616.075
100 _913011
_aSharma, Meghna
245 _aData-Driven analytics for healthcare
_b: Artificial intelligence and machine learning for medical diagnostics
_c/ Meghna Sharma
250 _a1 Ed.
260 _aCanadá :
_bCRC Press ,
_c2025
300 _a309 páginas
_bIlustraciones, diagramas, tablas, gráficas
500 _aIncluye Índice y referencias bibliográficas
505 _tChapter 1. Predictive and descriptive analytics in healthcare. --
_tChapter 2. Biomimetics and mind-machine interface: the human brain as a quantum computer. --
_tChapter 3. The inevitable artificial intelligence revolution in healthcare. --
_tChapter 4. Object detection approach for pneumonia detection using x-ray images. --
_tChapter 5. Corona tracker: an application for monitoring and tracking the corona disease. --
_tChapter 6. Investigation of diagnosing irregularities in endodontic applications using deep learning methods. --
_tChapter 7. Teknomo–Fernandez Kernelized discriminant analysis-based connectionist deep multilayer perceptive neural learning for human activity recognition. --
_tChapter 8. Transforming healthcare with AI: an adequate method for diabetes prediction using machine learning techniques. --
_tChapter 9. A survey on artificial intelligence and machine learning approaches for medical data authentication. --
_tChapter 10. Data-Driven analytics for healthcare: artificial intelligence and machine learning for medical diagnostics. --
_tChapter 11 M-Blockchain: a futuristic approach for healthcare. --
_tChapter 12. Blockchain in healthcare: evolution, applications, and challenges.
526 _5Unicoc
546 _aInglés
650 0 _910540
_aInteligencia Artificial
_vAplicaciones médicas
650 0 _913018
_aBioinformática
650 0 _913017
_aAprendizaje automático
_xMedicina
650 0 _910518
_aBig Data
_xMedicina
650 0 _913019
_aDiagnóstico médico
_vMétodos computacionales
658 0 _98315
_aPrograma de Odontología
658 0 _910741
_aPrograma de Psicología
700 _913012
_aVashisht, Priyanka
700 _913013
_aKumar, Senthil
700 _913014
_aSingh, Chitra
700 _913015
_a Amine, Abdelmalek
856 _yAcceso online exclusivo para comunidad Unicoc.
_uhttps://unicoceduco-my.sharepoint.com/:b:/g/personal/direccionbiblioteca_unicoc_edu_co/IQDwmskMsQd9QYo4wS7ac10aAemFhA6d7K9KgRkM113LrjM
942 _2ddc
_cEBOOK
999 _c10871
_d10871